| 000 | 00741nam a2200217 i 4500 | ||
|---|---|---|---|
| 003 | DO-SdBNP | ||
| 005 | 20231128131641.0 | ||
| 007 | ta | ||
| 008 | 110413s201- dr 000 j spa d | ||
| 040 |
_aDO-SdBNP _bspa _cBNPHU _erda |
||
| 082 |
_222 _bC322 |
||
| 245 | 0 | 0 |
_aCArta apostólica Rosarium Virginis Mariae : _bdel sumo pontífice Juan Pablo II al episcopado, al clero y alos fieles sobre el santo rosario / |
| 264 | 1 |
_a[Santo Domingo] : _bParroquia universitaria Santísima Trinidad, _c[201-]. |
|
| 300 |
_a[36] páginas _c21 cm. |
||
| 336 |
_2rdacontent _atexto _btxt |
||
| 337 |
_2rdamedia _asin mediación _bn |
||
| 338 |
_2rdacarrier _avolumen _bnc |
||
| 590 | _aInventariado, 2023/ YL | ||
| 910 | _aYLockward | ||
| 942 |
_2ddc _cLF2 |
||
| 999 |
_c55611 _d55611 |
||